| 000 | 00810nam a2200289 a 4500 | ||
|---|---|---|---|
| 003 | AR-BaBNM | ||
| 005 | 20251128210716.0 | ||
| 008 | 082120s2002 ||||||||||||||000 | spa|| | ||
| 020 | _a950-739-565-2 | ||
| 040 | _cAR-BaBNM | ||
| 100 | 1 | _aMontessori, María | |
| 245 | 0 | 0 | _aEducación y paz |
| 260 |
_aBuenos Aires _bErrepar _c1998 |
||
| 300 | _a188 p. | ||
| 490 | 0 | _aNueva educación | |
| 500 | _aEste material es una recopilación de discursos de María Montessori en congresos y foros internacionales | ||
| 650 | 4 | _aDIDACTICA | |
| 650 | 4 | _aHISTORIA DE LA EDUCACION | |
| 650 | 4 | _aEDUCACION PARA LA PAZ | |
| 650 | 4 | _aFINALIDADES DE LA EDUCACION | |
| 650 | 4 | _aDISCURSOS | |
| 653 | _aMETODO MONTESSORI | ||
| 653 | _aESCUELA NUEVA | ||
| 653 | _aPEDAGOGOS | ||
| 942 | _cBK | ||
| 998 | _cRAQUEL | ||
| 999 |
_c16544 _d16544 |
||